000 00269nam a2200109Ia 4500
008 200302s9999 xx 000 0 und d
100 _aSaid Amir Arjomand and Others
245 _aWorlds of Difference
260 _bSage Publication Ltd.,
260 _c2013
300 _a270
999 _c6480
_d6480